Statistiques concernant Quiz sur Mulan (Disney)

Cliquez ici pour prendre le quiz!

Statistiques générales

  • Ce quiz a été pris 840 fois
  • Le résultat moyen est 8 sur 15

Statistiques - réponses

QuestionRéponse% Correct
Comment s'appelle le petit dragon qui accompagne Mulan ?Mushu
93%
Avec quoi Mulan se coupe-t-elle les cheveux ?L'épée de son père
88%
Quel est le nom de famille de Mulan ?Fa
85%
Quelle chanson démarre après la phrase "Nous avons un long chemin à faire." ?Comme un homme
83%
Chez qui se rend Mulan au début du film, lors de la chanson "Honneur à tous" ?La marieuse
61%
Sous quel prénom masculin Mulan se présente-t-elle au camp ?Ping
59%
Complétez les paroles de cette chanson : "Moi qu'elle soit grosse ou qu'elle soit fine, je suis pas..."misogyne
52%
Quelle chanson du film a remporté le golden globe de la meilleure chanson originale ? (titre français)Réflexion
51%
Comment s'appelle le méchant de l'histoire ?Shan Yu
49%
Selon la chanson "Une belle fille à aimer", depuis combien de temps une fille attend-elle Chi-Fu ?40 ans
46%
Comment s'appelle le chien de la famille de Mulan ?Petit Frère
46%
Quel animal l'accompagne ?Un faucon / Un épervier
40%
Quel chanteur français est la voix chantée de Shang ?Patrick Fiori
39%
Comment le petit dragon appelle-t-il le cheval de Mulan ? ("Couchée la...")Noiraude
20%
Quel acteur est sa voix française ?José Garcia
17%

Distribution des résultats

Percentile par nombre de réponses

% des personnes avec chaque résultat

Votre développement - résultats

Vous n’avez pas pris ce quiz